00884nam a22001817a 450000500170000000800410001704000250005804100080008304400070009110000400009824502750013826000970041330000310051050000560054165000480059765000260064570000310067120150410020003.0131112b2007 CK ||||| |||| 00| 0 spa d aCO-BoIAVHcCO-BoIAVH aspa ack1 aRodriguez-Calderón, Angela Teresa1 aCaracterización de la agrobiodiversidad existente en unidades de producción tradicionales en la Cuenca del Río Otín y evaluación de su papel en el mantenimiento de la diversidad agrícola asociada a la seguridad alimentariacAngela Teresa Rodriguez Calderón aBogotábInstituto de Investigación de Recursos Biológicos Alexander von Humboldtc2007 a95 p.bil., tablasc28 cm. aInforme Final contrato No.07-01-24843-07-037-0504PS aAgrobiodiversidadzOtún (Río, Colombia) aSeguridad alimentaria aCastellanos-Camacho, Laura